Fill in the 2025 NCAA Tournament Bracket - Statistics

General Stats
  • This quiz has been taken 1,561 times
    1,408 since last reset
  • The average score is 44 of 68
Answers on the Map
Answers color-coded by a green-red scale on the quiz's map according to % correct below.
 
Answer Stats
Team % Correct
Florida
97%
Duke
96%
Houston
93%
Texas
93%
Auburn
92%
Alabama
90%
Michigan
90%
North Carolina
89%
Michigan State
86%
Kentucky
84%
Tennessee
84%
Connecticut
83%
Kansas
83%
Texas Tech
82%
Arkansas
80%
Ole Miss
79%
Saint Mary's
79%
Arizona
78%
Purdue
78%
Oregon
77%
Saint John's
77%
Texas A&M
77%
Clemson
76%
Gonzaga
76%
UCLA
76%
Georgia
74%
Iowa State
74%
Wisconsin
74%
Illinois
73%
Oklahoma
73%
BYU
71%
Baylor
70%
Creighton
70%
Louisville
70%
Maryland
70%
Colorado State
69%
McNeese
65%
Missouri
65%
Mississippi State
64%
New Mexico
62%
San Diego State
62%
Vanderbilt
62%
Yale
62%
Memphis
60%
Xavier
59%
Utah State
57%
Marquette
56%
Drake
54%
Alabama State
52%
VCU
51%
Montana
48%
UC San Diego
48%
Akron
47%
Grand Canyon
46%
High Point
45%
Liberty
42%
Omaha
42%
Norfolk State
40%
Mount Saint Mary's
38%
Wofford
38%
Troy
37%
Bryant
35%
Lipscomb
35%
Saint Francis
35%
Robert Morris
34%
UNCW
34%
American
33%
SIUE
32%
No matching quizzes found
Score Distribution
Percent of People with Each Score
Percentile by Number Answered
Your Score History
You have not taken this quiz since the last reset